Online
Catalog

El bloqueo / (Record no. 7078)

MARC details
000 -CABECERA
campo de control de longitud fija 00723cam a2200229 a 4500
001 - NÚMERO DE CONTROL
campo de control 000007297
005 - FECHA Y HORA DE LA ÚLTIMA TRANSACCIÓN
campo de control 20200929154126.0
008 - DATOS DE LONGITUD FIJA--INFORMACIÓN GENERAL
campo de control de longitud fija 770524s1975 cu 000 0 spa
040 ## - FUENTE DE LA CATALOGACIÓN
Centro catalogador/agencia de origen DO-SdBNP
Lengua de catalogación spa
Centro/agencia transcriptor BNPHU
082 ## - NÚMERO DE LA CLASIFICACIÓN DECIMAL DEWEY
Número de clasificación 891.7344
Número de documento/Ítem C435b
100 1# - ENTRADA PRINCIPAL--NOMBRE DE PERSONA
Nombre de persona Chakovskii, Aleksandr,
Fechas asociadas al nombre 1913-
9 (RLIN) 20262
245 13 - MENCIÓN DE TÍTULO
Título El bloqueo /
Mención de responsabilidad, etc. Aleksandr Chakovski ; traducción Ángel Pozo Sandoval.
260 ## - PUBLICACIÓN, DISTRIBUCIÓN, ETC.
Lugar de publicación, distribución, etc. La Habana, Cuba :
Nombre del editor, distribuidor, etc. Arte y Literatura,
Fecha de publicación, distribución, etc. 1975.
300 ## - DESCRIPCIÓN FÍSICA
Extensión 219 p. ;
Dimensiones 19 cm.
490 1# - MENCIÓN DE SERIE
Mención de serie Cocuyo ;
490 1# - MENCIÓN DE SERIE
Mención de serie Literatura universal ;
650 #4 - PUNTO DE ACCESO ADICIONAL DE MATERIA--TÉRMINO DE MATERIA
Término de materia o nombre geográfico como elemento de entrada Novela rusa
9 (RLIN) 4742
650 #4 - PUNTO DE ACCESO ADICIONAL DE MATERIA--TÉRMINO DE MATERIA
Término de materia o nombre geográfico como elemento de entrada Literatura rusa
9 (RLIN) 4743
700 1# - PUNTO DE ACCESO ADICIONAL--NOMBRE DE PERSONA
Nombre de persona Pozo Sandoval, Ángel,
Término indicativo de función/relación tr.
9 (RLIN) 20263
830 #0 - PUNTO DE ACCESO ADICIONAL DE SERIE-TÍTULO UNIFORME
Título uniforme Cocuyo ;
9 (RLIN) 20264
830 #0 - PUNTO DE ACCESO ADICIONAL DE SERIE-TÍTULO UNIFORME
Título uniforme Literatura universal ;
9 (RLIN) 1125
Holdings
Estado de retiro Estado de pérdida Restricciones de uso No para préstamo Código de colección Localización permanente Ubicación/localización actual Ubicación en estantería Fecha de adquisición Número de inventario Total de préstamos Signatura topográfica completa Código de barras Fecha visto por última vez Precio válido a partir de Tipo de ítem Koha Número de copia
      Excluido de préstamo Monografías: Libros y Folletos General General Depósito 07.09.2009 LF1   891.7344 C435b 7297-10 25.06.2020 25.06.2020 No se presta  
  Extraviado   Excluido de préstamo Monografías: Libros y Folletos General General Extraviado 19.05.2017 LF1   891.7344 C435b 7297-20 25.06.2020 25.06.2020 No se presta e. 2

Powered by Koha